| 000 | 00695nam a2200205 a 4500 | ||
|---|---|---|---|
| 003 | 0 | ||
| 005 | 20250311145859.0 | ||
| 008 | 090709s19uu xx 00 eng d | ||
| 050 |
_aPHS HD 30.3 _b.K49 2009 |
||
| 100 | _aKim, Ji Hye. | ||
| 245 |
_aInternet usage and work efficiency of SISC employees / _cJi Hye Kim. |
||
| 260 |
_aLas PiƱas City, Philippines : _bSouthville International School and Colleges, _c2009. |
||
| 300 |
_a27 pages : _billustrations ; _c28 cm. |
||
| 504 | _aIncludes bibliographical references. | ||
| 650 | _aInternet in the workplace. | ||
| 650 |
_aInternet _xSocial aspects. |
||
| 650 | _aEmployee motivation. | ||
| 650 | _aEmployee performance. | ||
| 942 |
_2lcc _cPASS |
||
| 999 |
_c98250 _d98250 |
||